000 00520nam a2200169 i 4500
001 30795
003 ES-MaACL
005 20230906154245.0
007 t|
008 030127s1971 sp ||||1| spa d
100 1 _aBartolini, Luigi.
_926154
245 1 3 _aEl ladrón de bicicletas /
_cLuigi Bartolini ; [traducción de Fernando Barango-Solís].
260 _aBarcelona :
_bPlaza y Janés,
_c[1971]
300 _a157 p. ;
_c19 cm.
700 1 _aBarangó-Solís, Fernando.
_925320
852 _aES-MaACL
_jC-41604
_bR.79989
999 _c30795
_d30795